| 000 | 01090nam a22003137a 4500 | ||
|---|---|---|---|
| 003 | CHAP | ||
| 005 | 20220329135921.0 | ||
| 008 | 971013s r 00010 d | ||
| 010 | _a44081 | ||
| 011 | _a45053 | ||
| 035 | _a49192 | ||
| 040 | _cCHAP | ||
| 082 |
_a630.72 _bI49ti |
||
| 110 |
_aINIA. México. Campo Agrícola Experimental Tecamachalco _958520 |
||
| 245 | _aInforme de resultados, 19 - | ||
| 260 |
_a(Chapingo, Méx.) : _bEl Instituto, _c19 - |
||
| 300 | _av. | ||
| 500 | _aLa biblioteca tiene: 1975 | ||
| 590 |
_aBATCH-UPD _b10 _c20130110 _lUCH01 _h1139 |
||
| 590 |
_aBATCH-UPD _b10 _c20130410 _lUCH01 _h0726 |
||
| 590 |
_aCONVERSION _b10 _c20130109 _lUCH01 _h1324 |
||
| 650 | 1 | 4 |
_aAgricultura _xInvestigacion _xPuebla. _91662 |
| 650 | 1 | 4 |
_aAgricultura _xPuebla. _91775 |
| 901 | _aBK | ||
| 942 | _cLIBRO | ||
| 949 |
_a630.72 I49ti _bBC _cLIBRO _d33724000038642 _eLIBRO _f1975 c.3 _h43935 _i49192 _mD _si |
||
| 949 |
_a630.72 I49ti _bBC _cLIBRO _d33724000039210 _eLIBRO _f1975 _h40158 _i49192 _mD _si |
||
| 949 |
_a630.72 I49ti _bBC _cLIBRO _d33724000039244 _eLIBRO _f1975 c.2 _h41209 _i49192 _mD _si |
||
| 999 |
_c44081 _d44081 |
||